ARRUPE JESUIT UNIVERSITY

CORONAVIRUS -STOP THE SPREAD - CLEAN,DISINFECT,COVER

Prehistoric art; (Record no. 128805)

MARC details
000 -LEADER
fixed length control field 00781cam a22002291 4500
001 - CONTROL NUMBER
control field 3590461
003 - CONTROL NUMBER IDENTIFIER
control field ARRUPE
005 - DATE AND TIME OF LATEST TRANSACTION
control field 20190123144053.0
008 - FIXED-LENGTH DATA ELEMENTS--GENERAL INFORMATION
fixed length control field 731207s1967 ctuab b 000 0 eng
010 ## - LIBRARY OF CONGRESS CONTROL NUMBER
LC control number 67028690
040 ## - CATALOGING SOURCE
Original cataloging agency DLC
Transcribing agency DLC
Modifying agency DLC
050 00 - LIBRARY OF CONGRESS CALL NUMBER
Classification number SPC N5310
Item number .G65
082 00 - DEWEY DECIMAL CLASSIFICATION NUMBER
Classification number 709.011
300 ## - PHYSICAL DESCRIPTION
Other physical details illus. (part col.), maps.
Dimensions 28 cm.
100 1# - MAIN ENTRY--PERSONAL NAME
Personal name Grand, Paule Marie,
Dates associated with a name 1914-
9 (RLIN) 44099
245 10 - TITLE STATEMENT
Title Prehistoric art;
Remainder of title Paleolithic painting and sculpture.
Statement of responsibility, etc Text by P. M. Grand.
260 ## - PUBLICATION, DISTRIBUTION, ETC. (IMPRINT)
Place of publication, distribution, etc Greenwich, Conn.,
Name of publisher, distributor, etc New York Graphic Society
Date of publication, distribution, etc [1967]
300 ## - PHYSICAL DESCRIPTION
Extent 103 p.
490 0# - SERIES STATEMENT
Series statement The Pallas library of art,
Volume number/sequential designation v. 3
504 ## - BIBLIOGRAPHY, ETC. NOTE
Bibliography, etc Bibliography: p. 101.
650 #0 - SUBJECT ADDED ENTRY--TOPICAL TERM
Topical term or geographic name as entry element Art, Prehistoric.
9 (RLIN) 26697
906 ## - LOCAL DATA ELEMENT F, LDF (RLIN)
a 7
b cbc
c orignew
d u
e ocip
f 19
g y-gencatlg
942 ## - ADDED ENTRY ELEMENTS (KOHA)
Source of classification or shelving scheme Library of Congress Classification
Koha item type SPC
Holdings
Withdrawn status Lost status Source of classification or shelving scheme Damaged status Not for loan Home library Current library Date acquired Total Checkouts Full call number Barcode Date last seen Price effective from Koha item type
    Library of Congress Classification     ARRUPE LIBRARY ARRUPE LIBRARY 23/01/2019   SPC N5310 .G65 46600003819 23/01/2019 23/01/2019 SPC

 

Arrupe Library. PO Box MP320 Mt Pleasant, Harare, Zimbabwe
263 242 745411|librarian@aju.ac.zw